| 000 | 00878cab a2200241 4500 | ||
|---|---|---|---|
| 001 | WB3312-07 | ||
| 008 | 090401t1997 xxu||||| |||| 00| 0 eng d | ||
| 035 | _a(Sirsi) u77251 | ||
| 041 | _aeng | ||
| 245 | _aNew day of recovery | ||
| 260 | _c1997 | ||
| 350 | _a0 | ||
| 490 |
_aScotsman _vCommercial Property Survey, 18 March 1997, 3(1) |
||
| 520 | _aThere is a growing concensus that the commercial property market is recovering. Rental growth is picking up in sectors where modern business space is in short supply. Includes table of rental growth, comparing Scotland to the rest of Great Britain. | ||
| 650 | _aPROPERTY-COMMERCIAL PROPERTY | ||
| 650 | _aECONOMIC RECOVERY | ||
| 650 | _aPROPERTY VALUES | ||
| 650 | _aRENTAL GROWTH | ||
| 650 | _aSCOTLAND | ||
| 690 | _aPROPERTY-COMMERCIAL PROPERTY-COMMERCIAL PROPERTY MARKET | ||
| 942 | _n0 | ||
| 948 | _c20/03/1997 | ||
| 999 |
_c48567 _d48567 |
||